000 01082na a2200265 4500
001 19774
003 MIRAKIL
005 20181213155120.0
008 161227b tu 000 0
035 _a19774
040 _aMilas
_btur
_cTR-AnCHP
041 _atur
082 _a363.12
_bT25t 2000
090 _a363.12 T25t 2000
100 _aTan, Ahmet
245 _aTBMM Türkiye trafik güvenliği araştırma komisyonu raporu
_bkamusal ve özel tüm kesimlerin katılımıyla güvenli ve uygar bir ulaşım düzeni için siyasal ve toplumsal bir yol güvenliği bildirgesi
_b-stratejiler ve öneriler-
_cAhmet Tan
246 _aKamusal ve özel tüm kesimlerin katılımıyla güvenli ve uygar bir ulaşım düzeni için siyasal ve toplumsal bir yol güvenliği bildirgesi
260 _aAnkara
_bTBMM
_c2000
300 _a355 s.
_btbl.
_c25 sm.
504 _aKaynakça var.
610 _aTBMM
_xKomisyon raporları
_yTrafik
650 _aTBMM Türkiye Trafik Güvenliği Araştırma Komisyonu
_xRaporlar, 2000
651 _aTürkiye
_xTrafik güvenliği
942 _2ddc
_cBKS
999 _c6822
_d6822